| 000 | 01156 a2200253 4500 | ||
|---|---|---|---|
| 003 | Nust | ||
| 005 | 20230210131212.0 | ||
| 010 | _a 2009310904 | ||
| 020 | _a8172210361 | ||
| 020 | _a9788172210366 | ||
| 040 | _cNust | ||
| 082 | _a958.1045,MUS | ||
| 100 | 1 |
_aMushrif, S. M. _935663 |
|
| 245 | 1 | 0 |
_aWho killed Karkare? : _bthe real face of terrorism in India / _cS.M. Mushrif. |
| 250 | _a1st ed. | ||
| 260 |
_aNew Delhi : _bPharos Media & Pub., _c2009. |
||
| 300 |
_a319 p. ; _c23 cm. |
||
| 505 | _aHindu Muslim Riots (Page-13), Switching Gears (Page-31), Bomb blast Investigations (Page-55), Naded Bomb blast (5 April 2006), Malgeaons Bomb Blast 2008 (Page-169), Who Killed Karkare (Page-181), The Investigation of the Mumbai Attack case (Page-229), Malegaons blast case of 2008 (Page-245), Dubious role of Maharashtrian (Page-267), The Chargesheet against th IB (Page-275), Urgent measures needed to save country (Page-285). | ||
| 600 | 1 | 0 |
_aKarkare, Hemant, _d1954-2008 _xAssassination. _9108900 |
| 610 | 1 | 0 |
_aIndia. _bIntelligence Bureau. _9108901 |
| 650 | 0 |
_aCommunalism _zIndia. _935665 |
|
| 650 | 0 |
_aTerrorism _zIndia. _935664 |
|
| 942 |
_2ddc _cBK |
||
| 999 |
_c202891 _d202891 |
||